书目信息 |
| 题名: |
九届人大二次会议《政府工作报告》学习讲话
|
|
| 作者: | 本书编写组编 | |
| 分册: | ||
| 出版信息: | 北京 中共党史出版社 1999 |
|
| 页数: | 236页 | |
| 开本: | 20cm | |
| 丛书名: | ||
| 单 册: | ||
| 中图分类: | D623 | |
| 科图分类: | ||
| 主题词: | 国务院--政府工作报告--中国--学习参考资料 | |
| 电子资源: | ||
| ISBN: | 7-80136-329-9 | |
| 000 | 00608nam0 2200181 450 | |
| 001 | 0756070549 | |
| 005 | 20070719084918.65 | |
| 010 | @a7-80136-329-9@dCNY10.00 | |
| 100 | @a20070706d1999 km y0chiy0120 ea | |
| 101 | 0 | @achi |
| 102 | @aCN@b110000 | |
| 200 | 1 | @a九届人大二次会议《政府工作报告》学习讲话@Ajiu jie ren da er ci hui yi《zheng fu gong zuo bao gao》xue xi jiang hua@f本书编写组编@Fben shu bian xie zu bian |
| 210 | @a北京@c中共党史出版社@d1999 | |
| 215 | @a236页@d20cm | |
| 606 | 0 | @a国务院@x政府工作报告@y中国@x学习参考资料 |
| 690 | @aD623@v3 | |
| 801 | 0 | @aCN@bPFT@c20070719 |
| 905 | @a10447@dD623@e31 | |
| 九届人大二次会议《政府工作报告》学习讲话/本书编写组编.-北京:中共党史出版社,1999 |
| 236页;20cm |
| ISBN 7-80136-329-9:CNY10.00 |
| ● |
| 相关链接 |
|
|
|
|
正题名:九届人大二次会议《政府工作报告》学习讲话
索取号:D623/31
 
预约/预借
| 序号 | 登录号 | 条形码 | 馆藏地/架位号 | 状态 | 备注 |
| 1 | 0766733 | 207667336 | 第一样本阅览室/ [索取号:D623/31] | 在馆 | |
| 2 | 0770306 | 207703065 | 密集书库/ [索取号:D623/31] | 在馆 | |
| 3 | 0770513 | 207705134 | 密集书库/ [索取号:D623/31] | 在馆 |